The art and architecture of Thailand : (Record no. 26967)
[ view plain ]
| 000 -LEADER | |
|---|---|
| fixed length control field | 01288cam a22003134a 4500 |
| 001 - CONTROL NUMBER | |
| control field | 14076822 |
| 005 - DATE AND TIME OF LATEST TRANSACTION | |
| control field | 20170207100058.0 |
| 008 - FIXED-LENGTH DATA ELEMENTS--GENERAL INFORMATION | |
| fixed length control field | 050816s2005 ne ab b 001 0 eng |
| 010 ## - LIBRARY OF CONGRESS CONTROL NUMBER | |
| LC control number | 2005280187 |
| 020 ## - INTERNATIONAL STANDARD BOOK NUMBER | |
| International Standard Book Number | 9004144404 (alk. paper) |
| 050 00 - LIBRARY OF CONGRESS CALL NUMBER | |
| Classification number | N7321 .W66 2005 |
| 100 1# - MAIN ENTRY--PERSONAL NAME | |
| Personal name | Woodward, Hiram W. |
| 245 14 - TITLE STATEMENT | |
| Title | The art and architecture of Thailand : |
| Remainder of title | from prehistoric times through the thirteenth century / |
| Statement of responsibility, etc. | by Hiram Woodward. |
| 250 ## - EDITION STATEMENT | |
| Edition statement | 2nd ed. |
| 260 ## - PUBLICATION, DISTRIBUTION, ETC. (IMPRINT) | |
| Place of publication, distribution, etc. | Leiden ; |
| -- | Boston : |
| Name of publisher, distributor, etc. | Brill, |
| Date of publication, distribution, etc. | 2005. |
| 300 ## - PHYSICAL DESCRIPTION | |
| Extent | xix, 277 p. : |
| Other physical details | ill., maps ; |
| Dimensions | 25 cm. |
| 490 1# - SERIES STATEMENT | |
| Series statement | Handbook of oriental studies. Section 3, South-East Asia, |
| International Standard Serial Number | 0169-9571 ; |
| Volume/sequential designation | v. 14 = |
| Series statement | Handbuch der Orientalistik |
| 504 ## - BIBLIOGRAPHY, ETC. NOTE | |
| Bibliography, etc | Includes bibliographical references (p. [237]-263) and index. |
| 650 #0 - SUBJECT ADDED ENTRY--TOPICAL TERM | |
| Topical term or geographic name as entry element | Art, Thai. |
| 650 #0 - SUBJECT ADDED ENTRY--TOPICAL TERM | |
| Topical term or geographic name as entry element | Architecture |
| Geographic subdivision | Thailand |
| General subdivision | History. |
| 830 #0 - SERIES ADDED ENTRY--UNIFORM TITLE | |
| Uniform title | Handbuch der Orientalistik. |
| Number of part/section of a work | Dritte Abteilung, |
| Name of part/section of a work | Südostasien ; |
| Volume number/sequential designation | 14. Bd. |
| 942 ## - ADDED ENTRY ELEMENTS (KOHA) | |
| Source of classification or shelving scheme | |
| Koha item type | Hard Covered Materials |
| Withdrawn status | Lost status | Source of classification or shelving scheme | Damaged status | Not for loan | Home library | Current library | Shelving location | Date acquired | Source of acquisition | Total Checkouts | Full call number | Barcode | Date last seen | Price effective from | Koha item type |
|---|---|---|---|---|---|---|---|---|---|---|---|---|---|---|---|
| MACHAKOS UNIVERSITY LIBRARY | MACHAKOS UNIVERSITY LIBRARY | Technical section | 07/02/2017 | Donation(BFA) | N7321 .W66 2005 | 34565 | 10/07/2018 | 07/02/2017 | Hard Covered Materials |